Meetings and Secretarial Practice in South Africa / (Record no. 281)

MARC details
000 -LEADER
fixed length control field 00495nam a22001577a 4500
005 - DATE AND TIME OF INPUT
control field 20231103084730.0
008 - DATA ELEMENTS--GENERAL INFORMATION
fixed length control field 231103b |||||||| |||| 00| 0 eng d
041 ## - LANGUAGE CODE
Language code of text English
082 ## - SHELF NUMBER
DDC number 346.6 COL
100 ## - MAIN AUTHOR
Main author's name Collier, FC
Language of a work English
245 ## - TITLE STATEMENT
Title Meetings and Secretarial Practice in South Africa /
Statement of responsibility, etc. FC Collier
260 ## - PUBLICATION, DISTRIBUTION, ETC.
Place of publication, distribution, etc. Cape Town :
Name of publisher, distributor, etc. Juta and Company Ltd,
Date of publication, distribution, etc. 1955
300 ## - PHYSICAL DESCRIPTION
Other physical details xii, 296 pages ;
Dimensions 23 cm.
650 ## - SUBJECT`
Broad subject Legal practice
Own subject terms Law
942 ## - ADDED ENTRY ELEMENTS (KOHA)
Item type Books
942 ## - ADDED ENTRY ELEMENTS (KOHA)
-- ALISON_BN_VRIES
Holdings
Source of classification or shelving scheme Not for loan Collection code Home library Current library Shelving location Date acquired Full call number Barcode Price effective from Koha item type
Dewey Decimal Classification   TEXT BOOKS LAW SOCIETY OF NAMIBIA LIBRARY - WINDHOEK LAW SOCIETY OF NAMIBIA LIBRARY - WINDHOEK Corporate, commercial and company law 11/03/2023 346.6 COL LSN/1987/298 11/03/2023 Books